| 000 | 00683nab#a2200241#c#4500 | ||
|---|---|---|---|
| 999 |
_c122112 _d122112 |
||
| 003 | IEF | ||
| 005 | 20191203182624.0 | ||
| 008 | 950704s1976 uuu|| #####0 b| |u | ||
| 040 |
_aIEF _cES-MaIEF |
||
| 100 | 1 |
_aCorella Aznárez, Ignacio _911192 |
|
| 245 |
_aFinanciación de la industria siderúrgica _c Ignacio Corella Aznárez |
||
| 260 | _c1976 | ||
| 500 | _aBibliografía | ||
| 650 | 4 |
_aINDUSTRIA SIDEROMETALURGICA _946755 |
|
| 650 | 4 |
_aFINANCIACION _944260 |
|
| 650 | 4 |
_aPRODUCCION _948147 |
|
| 650 | 4 |
_aCOSTOS _941427 |
|
| 650 | 4 |
_aINVERSIONES _947531 |
|
| 773 | 0 |
_tHacienda pública española _w34570 _g41, p. 97-151 |
|
| 942 | _2udc | ||
| 942 | _2udc | ||